004690000a2200157000450024500700000050000310007065000230010165000250012465000180014965000130016765100130018004100140019370000230020710000380023077300430026810aHormigas de Colombia IV: nuevos registros de géneros y especies aCID tiene revista original14aTaxonomía animal14asistemática animal14aEntomología14aHormigas 4pColombia0 aEspañol1 aPalacio, Edgard E.1 aFernández Castiblanco, Fernando1 tCaldasia345h82-85q587-596d1995g17